000
00239nam a22000857a 4500
008
170626b xxu||||| |||| 00| 0 eng d
100
_9
3706
_a
Siddiqui. S. A
245
_a
Comprehensive Accountancy XI
260
_a
New Delhi
_b
Laxmi Publication
_c
2009
999
_c
7127
_d
7127